书目信息 |
| 题名: |
劳动科学
|
|
| 作者: | 赵履宽 主编 | |
| 分册: | ||
| 出版信息: | 北京 中国劳动出版社 1996.08 |
|
| 页数: | 476页 | |
| 开本: | 32开 | |
| 丛书名: | ||
| 单 册: | ||
| 中图分类: | F249.2-53 | |
| 科图分类: | ||
| 主题词: | 劳动经济 | |
| 电子资源: | ||
| ISBN: | 7-5045-1930-8 | |
| 000 | 00541nam0 2200193 45 | |
| 001 | 0006161872 | |
| 005 | 20000616181444.5 | |
| 010 | @a7-5045-1930-8@d26.50元 | |
| 100 | @a20000616d1996 km y0chiy0120 ea | |
| 101 | 0 | @achi |
| 105 | @a z 000yy | |
| 200 | 1 | @a劳动科学@ALao Dong Ke Xue@f赵履宽主编@FZhao Lu Kuan Zhu Bian |
| 210 | @a北京@c中国劳动出版社@d1996.08 | |
| 215 | @a476页@d32开 | |
| 606 | 0 | @a劳动经济 |
| 690 | @aF249.2-53@v3 | |
| 701 | 0 | @a赵履宽@4主编 |
| 801 | @aCN@bPftUser@c20000616 | |
| 905 | @b159739-743@dF249.2-53@eZH:423@f5 | |
| 劳动科学/赵履宽主编.-北京:中国劳动出版社,1996.08 |
| 476页;32开 |
| ISBN 7-5045-1930-8:26.50元 |
| ● |
| 相关链接 |
|
|
|
正题名:劳动科学
索取号:F249.2-53/ZH:423
 
预约/预借
| 序号 | 登录号 | 条形码 | 馆藏地/架位号 | 状态 | 备注 |
| 1 | 159739 | 201597398 | 社科二线422/409社科库 80排1列2层/ [索取号:F249.2-53/ZH:423] | 在馆 | |
| 2 | 159740 | 201597405 | 社科二线422/422社科库 29排3列1层/ [索取号:F249.2-53/ZH:423] | 在馆 | |
| 3 | 159741 | 201597414 | 社科二线422/409社科库 80排1列2层/ [索取号:F249.2-53/ZH:423] | 在馆 | |
| 4 | 159742 | 201597423 | 社科二线422/422社科库 29排3列1层/ [索取号:F249.2-53/ZH:423] | 在馆 | |
| 5 | 159743 | 201597432 | 社科库409/409社科库 80排1列3层/ [索取号:F249.2-53/ZH:423] | 在馆 |